Catálogo
 En Linea

Evolución reciente de la balanza de pagos en las Bahamas / (Registro nro. 30303)

Detalles MARC
000 -CABECERA
campo de control de longitud fija 00630nam a2200169 a 4500
001 - NÚMERO DE CONTROL
campo de control 000030811
005 - FECHA Y HORA DE LA ÚLTIMA TRANSACCIÓN
campo de control 20200930062526.0
008 - DATOS DE LONGITUD FIJA--INFORMACIÓN GENERAL
campo de control de longitud fija 110404s1981 dr 000 0 spa d
040 ## - FUENTE DE LA CATALOGACIÓN
Centro catalogador/agencia de origen DO-SdBNP
Lengua de catalogación spa
Centro/agencia transcriptor BNPHU
082 ## - NÚMERO DE LA CLASIFICACIÓN DECIMAL DEWEY
Número de clasificación xxxx
Número de documento/Ítem R444m
049 ## - FONDOS LOCALES (OCLC)
Fondos de biblioteca BNPD
111 2# - ENTRADA PRINCIPAL--NOMBRE DE CONGRESO/REUNIÓN
Nombre de congreso/reunión o jurisdicción como elemento de entrada Reunión de Técnicos de Bancos Centrales del Continente Américano
Número del congreso/reunión o número de parte o sección (18a :
Fecha del congreso/reunión 1981, nov. 1-6 :
Sede del congreso/Lugar de la reunión Santo Domingo)
9 (RLIN) 57361
245 10 - MENCIÓN DE TÍTULO
Título Evolución reciente de la balanza de pagos en las Bahamas /
Mención de responsabilidad, etc. Simóm F. Rodehm.
260 ## - PUBLICACIÓN, DISTRIBUCIÓN, ETC.
Lugar de publicación, distribución, etc. Santo Domingo :
Nombre del editor, distribuidor, etc. Banco Central del la República Dominicana,
Fecha de publicación, distribución, etc. 1981.
300 ## - DESCRIPCIÓN FÍSICA
Extensión 31 p. ;
Dimensiones 28 cm.
700 1# - PUNTO DE ACCESO ADICIONAL--NOMBRE DE PERSONA
Nombre de persona Rodehm, Simóm F.
9 (RLIN) 57362
Existencias
Estado de retiro Estado de pérdida No para préstamo Código de colección Localización permanente Ubicación/localización actual Ubicación en estantería Fecha de adquisición Número de inventario Total de préstamos Signatura topográfica completa Código de barras Fecha visto por última vez Precio válido a partir de Tipo de ítem Koha
    Excluido de préstamo Patrimonio Dominicano Patrimonio Dominicano Patrimonio Dominicano En catalogación 30.05.2011 LF1   xxxx R444m 30811-10 25.06.2020 25.06.2020 Libro y Folleto Colección Patrimonio Dominicano

Con tecnología Koha